000 00333nam a2200145 i 4500
001 bg
100 1 _aBIAŁOBRZESKI, Tadeusz
245 0 _aMosty składane /
_cTadeusz Białobrzeski.
260 _aWarszawa,
_c1978.
040 _cBPK
041 _apol
080 _a624.21
942 _cKS
008 s pl f |000 0 pol
999 _c9752
_d9752
856 _uhttp://koha.tu.koszalin.pl/cgi-bin/koha/opac-detail.pl?biblionumber=9752
_yKatalog online BPK